Química industrial

Bibliographic Details
Main Author: Vian Ortuño, Angel
Format: Section = Libro
Language:Undetermined
Spanish
Published: España Reverté 2006
Edition:2a.ed
Subjects:
LEADER 00651nam a2200241Ia 4500
008 240830s9999 xx 000 0 und d
020 |a 978-84-291-7933 
040 |a CEDOC FIQ-RUSB / 660.2 V614 
041 |a spa 
082 |a 660.2 V614 
100 1 |a Vian Ortuño, Angel 
245 1 0 |a Química industrial 
250 |a 2a.ed 
260 |a España  |b Reverté  |c 2006 
300 |a 636 p 
650 7 |a QUÍMICA INDUSTRIAL 
650 7 |b  MATERIAS PRIMAS PARA LA INDUSTRIA QUIMICA 
650 7 |c  RECURSOS ENERGÉTICOS TERRESTRES 
650 7 |d  ENERGÍA Y MEDIO AMBIENTE 
650 7 |e  ELECTROLISIS 
942 |c BK  |2 ddc 
991 |a TEXTO 
999 |c 13905